Письма Софьи Григорьевны Волконской к матери Александре Николаевне Волконской

Доступно только в Электронных читальных залах Найти на картеНа карте
RUSMARC
00004197nmc2a22000003x 450
001711e823f-d7bd-4aeb-812f-e1200001b2d2
00520180802151857.0
100##$a20160220l18241828k l0rusy0189 ca
1010#$arus
$afre
102##$aRU
2001#$aПисьма Софьи Григорьевны Волконской к матери Александре Николаевне Волконской
$j19 мая 1824 г. - 14 декабря 1828 г. и без даты
251##$cДело
300##$aДокументальные материалы матери Софьи Григорьевны Волконской - Александры Николаевны Волконской (личные документы и переписка)
300##$aНа русском и французском языках
801#0$aRU
$bРГИА
$c20160220
$gRCR
801#1$aRU
$bГлавНИВЦ
$c20160220
$2rusmarc
801#2$aRU
$bПБ им. Б.Н. Ельцина
$c20180802
$gRCR
$2rusmarc
850##$aРГИА
852##$aРГИА
$eФедеральное казенное учреждение "Российский государственный исторический архив" (РГИА)
$j193
937##$hРГИА
$d12199506
$aASBIBLIO_SCAN
462#0$100144e52d88-75a9-42e9-91e4-d6733682f55a
$12001
$a1783-1917 гг.
$1251
$cОпись
$1852
$j2
461#0$1001c1371ae0-1eb8-49b0-bf53-1aa72d53f822
$12001
$aВолконские, светлейшие князья: Петр Михайлович (1776-1852), генерал-фельдмаршал, министр Императорского двора и уделов; Дмитрий Петрович (1805-1859), гофмейстер; Григорий Петрович (1808-1882), попечитель Одесского и Петербургского учебных округов; Петр Григорьевич (1843-1896), шталмейстер; Петр Дмитриевич (р. 1845), чиновник Министерства финансов
$1251
$cФонд
$1852
$j844
215##$a291 л.
$d30,5х26 см
371##$aДокумент не является опубликованным и широко распространяемым
105##$ay###
1222#$ad
035##$a711e823f-d7bd-4aeb-812f-e1200001b2d2
856##$uhttp://readingroom.main.prlib.ru/item.aspx?id_node=n117783702&mode=full
Формат отображения